Imaginación e invención: 1965-1966.

Uloženo v:
Podrobná bibliografie
Hlavní autor: Simondon, Gilbert (autor)
Médium: Kniha
Vydáno: Buenos Aires, Argentina: Cactus, 2013.
Vydání:1a. ed
Edice:Clases,
Témata:
Tagy: Přidat tag
Žádné tagy, Buďte první, kdo vytvoří štítek k tomuto záznamu!

MARC

LEADER 00000cam a2200000 a 4500
001 UCD6761
003 CL-VaPUC
005 20230116114414.0
008 230116t2013 ||||| |||| 00| 0 eng d
020 |a 978-987-29224-3-6 
040 |c Pontificia Universidad Católica de Valparaíso 
082 0 4 |a 153.3 SIM 2013  |2 21 
100 0 |a Simondon, Gilbert  |e autor  |9 590578 
245 1 0 |a Imaginación e invención: 1965-1966. 
250 |a 1a. ed 
260 |a Buenos Aires, Argentina:  |b Cactus,  |c 2013. 
300 |a 220 páginas. 
490 0 |a Clases,   |n  9. 
583 |a last modification  |c 20170113 07:29:00  |k Rodrigo Vera 
650 0 |a Imaginación  |9 269378 
650 0 |a Inteligencia  |9 267038 
942 |c BK  |2 ddc 
945 |d 20170113 07:29:00  |a arojas 
999 |c 366949  |d 366947 
952 |0 0  |1 0  |3 erb  |4 0  |6 153_300000000000000_SIM_2013  |7 0  |8 A  |9 481605  |a BIBARQ  |b BIBARQ  |i 5360102  |o 153.3 SIM 2013  |p 5360102  |r 2025-01-20  |w 2019-11-24  |y BK  |z Catalogado en:20170113  |k ARQ 
952 |0 0  |1 0  |2 ddc  |4 0  |6 153_300000000000000_SIM_2013  |7 0  |8 A  |9 588631  |a BIBART  |b BIBART  |c GEN  |d 2023-01-13  |e 135  |g 17500.00  |i 5656411  |o 153.3 SIM 2013  |p 5656411  |r 2025-03-13  |t 2  |v 17500.00  |w 2023-01-13  |y BK  |k ART